000
00240 a2200085 4500
245
0
_a
Proverka statisticeskich gipotez /
_c
Prochorova Ju.V..
250
_a
Izd.2 ispr..
710
2
_a
Nauka.
_e
Wydawca
_4
pbl
260
_a
Moskva :
_b
Nauka,
_c
1979.
300
_a
408 s.;
_c
24 cm.
999
_c
9404
_d
9404